01310naa a22003017a 4500001001000000003000900010005001700019007000300036008003400039040005400073041000900127072003600136100001700172100002100189100002300210100001700233111009000250245014900340246009200489246007200581260003700653500012600690650002000816650002000836650001800856650001100874773012300885BR8901278BR-BrBNA20240918180436.0ta230509b bl.||||| |||| 00| 0 por d aBR-BrBNAbporcBiblioteca Nacional de Agricultura a(Pt) aF07; N20; P05b4520b5050bG5141 aAraujo, A.E.1 aCasao Junior, R.1 aFigueiredo, P.R.A.1 aSiqueira, R.1 a16. Congresso Brasileiro de Engenharia AgricolacJundiai, SP (Brazil)d13-17 Jul 19871 aEstudo e caracterizacao de implementos de preparo primario do solo a tracao animal, em solo cambissolico alico, no municipio de Rio Azul, Parana1 aPerformance of molboard horseflows used at the municipality of Rio Azul, Parana, Brazil1 a[16th Brazilian Congress of Agricultural Engineering. Annals. v. 1]3 aSao Paulo, SP (Brasil): c1987.  a16. Congresso Brasileiro de Engenharia Agricola. Anais. v. 1. Sao Paulo, SP (Brasil): 1987. p. 253-257 (BR8901278-AM)F07  aCULTIVO DO SOLO aARADO DE AIVECA aTRACAO ANIMAL aPARANA0 t16. Congresso Brasileiro de Engenharia Agricola. Anais. v. 1.wF07 BR8901278gSao Paulo, SP (Brasil), 1987. p. 253-257